000 00347nam a2200145 i 4500
001 bg
100 1 _aRYKA, Wacław
245 0 _aSłownik petrograficzny /
_cW. Ryka, A. Maliszewska.
260 _aWarszawa,
_c1982.
700 1 _aMALISZEWSKA, Anna
040 _cBPK
041 _apol
942 _cKS
008 s pl f |000 0 pol
999 _c21145
_d21145
856 _uhttp://koha.tu.koszalin.pl/cgi-bin/koha/opac-detail.pl?biblionumber=21145
_yKatalog online BPK